000
00289nam a22001217a 4500
020
_a
92-5-104020-6
041
_a
ENG
245
_a
Modernization of irrigation Schemes ; Past Experiences and Future Options
260
_a
Bangkok
_b
FAO
_c
1997
300
_a
258
650
_a
FAO
856
_u
FAO
999
_c
3268
_d
3268